[Event "Muensterland Verbandsliga 0506"]
[Site "Germany"]
[Date "2005.08.27"]
[Round "1.1"]
[White "Funke, Reinhard"]
[Black "Gronde, Ingo"]
[Result "1/2-1/2"]
[WhiteElo "2126"]
[BlackElo "2200"]
[PlyCount "54"]
[EventDate "2005.08.27"]
[EventType "team"]
[EventRounds "9"]
[EventCountry "GER"]
[SourceTitle "EXT 2006"]
[Source "ChessBase"]
[SourceDate "2005.11.24"]
[SourceVersion "1"]
[SourceVersionDate "2005.11.24"]
[SourceQuality "1"]
[WhiteTeam "Suedlohn"]
[BlackTeam "Olfen"]
[WhiteTeamCountry "GER"]
[BlackTeamCountry "GER"]

1. Nf3 g6 2. d4 Bg7 3. g3 Nf6 4. Bg2 0-0 5. 0-0 d6 6. c4 Nbd7 7. Qc2 e5 8. Rd1 exd4 9. Nxd4 Re8 10. e4 a6 11. Nc3 Rb8 12. h3 c5 13. Nde2 Ne5 14. b3 b5 15. f4 Nc6 16. e5 Bf5 17. Qd2 Nd4 18. Nxd4 cxd4 19. Qxd4 dxe5 20. Qxd8 Rbxd8 21. Rxd8 Rxd8 22. fxe5 b4 23. Na4 Ne4 24. g4 Rd1+ 25. Bf1 Bd7 26. Bb2 Rd2 27. Bc1 Rd1 1/2-1/2